|
|
|
|
| LEADER |
01628nam a2200385 a 4500 |
| 001 |
mzk03001179909 |
| 003 |
CZ BrMZK |
| 005 |
20260517181527.0 |
| 007 |
ta |
| 008 |
091016s1593 gw ||||fr|||||00||||latod |
| 040 |
|
|
|a BOE950
|b cze
|
| 072 |
|
7 |
|a 094
|x Staré tisky
|2 Konspekt
|9 12
|
| 072 |
|
7 |
|a 2-1
|x Přirozená teologie. Náboženská filozofie
|2 Konspekt
|9 5
|
| 080 |
|
|
|a (0.068)094
|2 MRF
|
| 080 |
|
|
|a 2-1
|2 MRF
|
| 100 |
1 |
|
|a Beust, Joachim von,
|d 1522-1597
|7 mzk2009510457
|4 aut
|
| 245 |
1 |
0 |
|a Enchiridion de arte bene beateqve moriendi /
|c Conscriptum per Ioachimvm a Bevst, in Planitz IC. Anno Chr. 1592, aetatis suae 70
|
| 260 |
|
|
|a Lypsiae :
|b Typis Ioh: Beyeri,
|c 1593
|
| 300 |
|
|
|a [1], 123, [7] s. ;
|c 8°
|
| 500 |
|
|
|a Výzdoba: Titulní list v rámci z typografických ozdůbek, tištěn černě a červeně, znak, vlysy, iniciály, viněty
|
| 501 |
|
|
|a Přívazek 2 k: Similitvdinvm ac Parabolarvm qvae in Bibliis ... / Levinus Lemnius
|
| 510 |
3 |
|
|a VD17
|
| 510 |
4 |
|
|a Dokoupil, V. Soupisy tisků 16. století z fondů Universitní knihovny v Brně, sv. 2 Tisky ... v Rajhradě;
|c 124
|
| 650 |
|
7 |
|a historické knihovní fondy
|7 ph172933
|2 czenas
|
| 650 |
|
7 |
|a teologie
|7 ph116425
|2 czenas
|
| 655 |
|
7 |
|a staré tisky
|7 fd422076
|2 czenas
|
| 903 |
|
|
|a RP
|
| 910 |
|
|
|e BOE950
|c R - A. II. e. 15,přív.2
|
| 978 |
|
|
|b Wechel, Johann
|a Frankfurt a.M.
|c 1593
|
| 984 |
|
|
|a Frankfurt nad Mohanem
|b Německo
|
| 985 |
|
|
|a 1551-1600
|
| 990 |
|
|
|a BK
|
| 996 |
|
|
|e BOE950
|c R - A. II. e. 15,přív.2
|
| 991 |
|
|
|k rajhrad
|
| 994 |
|
|
|a UP
|l MZK03
|b 001176551
|m přívazek 2
|n záznam 1. díla (pro objednání pokračujte kliknutím)
|